| 000 | 00637cam a2200229 4500 | ||
|---|---|---|---|
| 008 | 090401t1993 xxu||||| |||| 00| 0 eng d | ||
| 020 | _a0861704045 | ||
| 035 | _a(Sirsi) u433 | ||
| 041 | _aeng | ||
| 050 | _a622.31 | ||
| 110 |
_aCountryside Commission _92820 |
||
| 245 | _aOpencast coal mining: advice on landscape and countryside issues. | ||
| 260 |
_aCheltenham _bCountryside Commission _c1993 |
||
| 300 | _a51p. : ill. ; 30cm. | ||
| 350 | _a10 | ||
| 490 |
_aCountryside Commission Paper _v434 |
||
| 650 | _aCOAL MINING | ||
| 650 | _aOPENCAST MINING | ||
| 690 | _aMINING AND MINERALS | ||
| 942 | _n0 | ||
| 948 | _c04/03/1997 | ||
| 999 |
_c85557 _d85557 |
||